000 00599nam a2200181Ia 4500
008 151202s9999||||xx |||||||||||||| ||und||
082 _bPNVM-45813
100 _aटाकळकर मीना.
245 _aसुजाण पालकत्व.
260 _bमेहता पब्लिशींग हाऊस पुणे.
260 _c2004
300 _a90
600 _aटाकळकर मीना.
630 _aसुजाण पालकत्व.
700 _aटाकळकर मीना.
730 _aसुजाण पालकत्व.
942 _cBOOK
999 _c1311764
_d1311761